| 000 | 00535nam a22001577a 4500 | ||
|---|---|---|---|
| 003 | macl | ||
| 005 | 20250917164806.0 | ||
| 008 | 250917b |||||||| |||| 00| 0 eng d | ||
| 040 | _cmacl | ||
| 082 | _a741.642 | ||
| 100 |
_aभटनागर, ज्ञानेन्द्रकुमार _983304 |
||
| 245 | _aकेरल की लाेक -कथाऍ | ||
| 260 |
_aदिल्ली _bआत्माराम एण्ड संस _c2025 |
||
| 650 | _aचिल्ड्रन बुक | ||
| 942 |
_2ddc _cBK |
||
| 999 |
_c68153 _d68153 |
||